Bad Bunny - YHLQMDLG Album - Statistics

General Stats
  • This quiz has been taken 245 times
  • The average score is 13 of 20
Answer Stats
# Track Name % Correct
1 Si Veo a Tu Mamá
85%
4 La Santa
83%
14 Safaera
83%
20 <3
73%
5 Yo Perreo Sola
73%
2 La Difícil
72%
13 Una Vez
67%
6 Bichiyal
66%
19 Hablamos Mañana
65%
18 P FKN R
64%
10 Vete
64%
15 25/8
62%
11 Ignorantes
60%
7 Soliá
60%
16 Está Cabrón Ser Yo
58%
8 La Zona
58%
12 A Tu Merced
57%
3 Pero Ya No
55%
9 Que Malo
54%
17 Puesto Pa
53%
No matching quizzes found
Score Distribution
Percent of People with Each Score
Percentile by Number Answered
Your Score History
You have not taken this quiz